<?xml version="1.0" encoding="UTF-8"?>
<collection xmlns="http://www.loc.gov/MARC21/slim">
 <record>
  <leader>     na                 </leader>
  <controlfield tag="001">INLIS000000000003467</controlfield>
  <controlfield tag="005">20221112110231</controlfield>
  <datafield tag="035" ind1=" " ind2=" ">
   <subfield code="a">0010-0520003467</subfield>
  </datafield>
  <controlfield tag="008">221112                |          | eng  </controlfield>
  <datafield tag="020" ind1=" " ind2=" ">
   <subfield code="a">9780273650726</subfield>
  </datafield>
  <datafield tag="041" ind1=" " ind2=" ">
   <subfield code="a">eng</subfield>
  </datafield>
  <datafield tag="082" ind1=" " ind2=" ">
   <subfield code="a">658.3</subfield>
  </datafield>
  <datafield tag="084" ind1=" " ind2=" ">
   <subfield code="a">658.3 SAH c</subfield>
  </datafield>
  <datafield tag="100" ind1="0" ind2=" ">
   <subfield code="a">Sahdev, Kusum</subfield>
  </datafield>
  <datafield tag="700" ind1="0" ind2=" ">
   <subfield code="a">Susan Vinnicombe</subfield>
  </datafield>
  <datafield tag="700" ind1="0" ind2=" ">
   <subfield code="a">and John Bank</subfield>
  </datafield>
  <datafield tag="245" ind1="1" ind2=" ">
   <subfield code="a">Creating a Resilient Workforce :</subfield>
   <subfield code="b">Managing the Up-side of Downsizing /</subfield>
   <subfield code="c">Kusum Sahdev</subfield>
  </datafield>
  <datafield tag="260" ind1=" " ind2=" ">
   <subfield code="a">Harlow :</subfield>
   <subfield code="b">Pearson Pretice Hall,</subfield>
   <subfield code="c">2001</subfield>
  </datafield>
  <datafield tag="300" ind1=" " ind2=" ">
   <subfield code="a">xx, 190p. :</subfield>
   <subfield code="b">: illus. ;</subfield>
   <subfield code="c">30 cm.</subfield>
  </datafield>
  <datafield tag="500" ind1=" " ind2=" ">
   <subfield code="a">Indeks : p.745 - 753</subfield>
  </datafield>
  <datafield tag="520" ind1=" " ind2=" ">
   <subfield code="a">This book describes about cases in strategic management and human resource management that to come into be in several companies. Chapter 1 examines the broad environmental context of downsizing. It then clarifies the concept of downsizing, differentiates it from decline, and examines the key strategies used by organizations to implement downsizing. Chapter 2 reports the key findings of an exploratory study conducted to examine human resources (HR) directors'/managers' perceptions of the impact of downsizing on survivors' reactions to a range of work-related aspects. It examines the perceptions of HR directors/managers who are responsible for the implementation of downsizing. Chapters 3-6 are case studies. Chapter 7 summarizes and consolidates the key findings from the four case narratives. It takes the analysis to its second stage by extrapolating the underlying themes that are expressed implicity in the four cases. Chapter 8 summarizes the reactions of both the middle managers and the non-managerial staff in all four organizations. Chapter 9 presents the key themes that have emerged from the research carried out in the four organizations and discusses the implications of the findings.</subfield>
  </datafield>
  <datafield tag="650" ind1=" " ind2="4">
   <subfield code="a">Personnel Management</subfield>
  </datafield>
  <datafield tag="650" ind1=" " ind2="4">
   <subfield code="a">Strategic Management</subfield>
  </datafield>
  <datafield tag="990" ind1=" " ind2=" ">
   <subfield code="a">11142/MKRI-P/XI-2008</subfield>
  </datafield>
  <datafield tag="990" ind1=" " ind2=" ">
   <subfield code="a">11141/MKRI-P/XI-2008</subfield>
  </datafield>
  <datafield tag="990" ind1=" " ind2=" ">
   <subfield code="a">11142/MKRI-P/XI-2008</subfield>
  </datafield>
  <datafield tag="990" ind1=" " ind2=" ">
   <subfield code="a">11141/MKRI-P/XI-2008</subfield>
  </datafield>
  <datafield tag="990" ind1=" " ind2=" ">
   <subfield code="a">11141/MKRI-P/XI-2008</subfield>
  </datafield>
  <datafield tag="990" ind1=" " ind2=" ">
   <subfield code="a">11142/MKRI-P/XI-2008</subfield>
  </datafield>
 </record>
</collection>
